Every NCAA Division I School in Louisiana - Statistics

General Stats
  • This quiz has been taken 41 times
  • The average score is 7 of 12
Answer Stats
Answer Conference % Correct
Louisiana Sun Belt
100%
Louisiana State SEC
95%
Tulane American
82%
Louisiana Tech C-USA
77%
New Orleans Southland
73%
Louisiana-Monroe Sun Belt
64%
McNeese Southland
45%
Grambling State SWAC
41%
Southeastern Louisiana Southland
41%
Southern SWAC
36%
Nicholls Southland
32%
Northwestern State Southland
27%
No matching quizzes found
Score Distribution
Percent of People with Each Score
Percentile by Number Answered
Your Score History
You have not taken this quiz